| Record ID | marc_loc_2016/BooksAll.2016.part02.utf8:106913255:731 |
| Source | Library of Congress |
| Download Link | /show-records/marc_loc_2016/BooksAll.2016.part02.utf8:106913255:731?format=raw |
LEADER: 00731cam a22002051 4500
001 12040311
003 DLC
005 20131030073405.0
008 770323s1898 mau 000 0 ger
010 $a 12040311
035 $a(OCoLC)2827444
040 $aDLC$cOTU$dDLC
042 $apremarc
050 00 $aPT2591.Z2$bJ6
100 1 $aZschokke, Heinrich,$d1771-1848.
245 14 $aDer zerbrochene krug;$bnouvelle von Heinrich Zschokke, ed., with introduction, notes and vocabulary, and paraphrases for retranslation into German,$cby Edward S. Joynes.
260 $aBoston,$bD. C. Heath & co.,$cc1898.
300 $axii, 76 p.$c19 cm.
490 0 $aHeath's modern language series
700 1 $aJoynes, Edward S.$q(Edward Southey),$d1834-1917,$eed.